| 000 | 00000cas 2200000za 4500 |
| 001 | 9.500717 |
| 003 | CaOODSP |
| 005 | 20260327142327 |
| 007 | cr ||||||||||| |
| 008 | 150406c19949999oncwx p o f0 a0eng| |
| 022 | |a1918-8358 |
| 040 | |aCaOODSP|beng |
| 041 | |aeng|afre |
| 043 | |an-cn--- |
| 086 | 1 |aJU8-1-PDF |
| 110 | 1 |aCanada. |bSupreme Court. |
| 222 | 0|aBulletin of proceedings |b(Canada. Supreme Court. Online) |
| 245 | 10|aBulletin of proceedings |h[electronic resource] = |bBulletin des procédures. |
| 246 | 31|aBulletin des procédures |
| 260 | |a[Ottawa] :|bSupreme Court of Canada = Cour suprême du Canada, |c[1994]- |
| 310 | |aWeekly (irregular) |
| 362 | 1 |aBegan with January 21, 1994? |
| 546 | |aText in English and French. |
| 692 | 07|2gccst|aNewsletters |
| 692 | 07|2gccst|aCourts |
| 792 | |tBulletin of proceedings |efre|w(CaOODSP)9.500718 |